000 00280nam a2200109Ia 4500
008 200302s9999 xx 000 0 und d
100 _aMrs. Sharada Gupta & Other
245 _aGardening with Care & Creativity
260 _bOmkar Offset Printers
260 _c1998
300 _a80 P.,
999 _c1060
_d1060